00926nam a22002177a 450000500170000000800410001704000250005804100080008304400070009110000230009824501270012126001170024830000300036550000190039552001630041465000310057765000200060870000300062870000200065870000300067820150204091757.0131115b2007 ck ||||| |||| 00| 0 spa d aCO-BoIAVHcCO-BoIAVH aspa ack aSicard Leon- Tomas aPalma africana-aceite. biodiversidad y tendencias de políticas: el caso de la Orinoquia colombiana binforme final marzo aBogotabInstituto de Investigación de Recursos Biológicos Alexander von HumboldtbWorld Wildlife Fundc2007 a168 p.c29 cmbil,tablas. ainforme final  aAnaliza las tendencias de los mercados nacionales e internacionales y de la politica nacional en relacion con la agroindustria de la palma africana de aceite. aPalma africana zOrinoquia aBiocombustibles aSaralux Valbuena-María  aBorrero- Monica aSalinas Salinas-Alexandra